Manual de procedimientos para la implementación y ejecución del plan de universalización de la educación básica primaria
Este manual tiene por objeto definir los procedimientos que se debían seguir en el desarrollo de los procesos operativos que contempló el Plan de Universalización de Educación Básica Primaria del Colombia.
Na minha lista:
| Autor Corporativo: | |
|---|---|
| Formato: | Livro |
| Idioma: | Spanish |
| Publicado em: |
Bogotá:
MEN,
1990
|
| Colecção: | Plan de Universalización de la Educación Básica Primaria
|
| Assuntos: | |
| Acesso em linha: | Enlace del recurso |
| Tags: |
Adicionar Tag
Sem tags, seja o primeiro a adicionar uma tag!
|
MARC
| LEADER | 00000nam a2200000 a 4500 | ||
|---|---|---|---|
| 001 | 001412 | ||
| 008 | 041101s1990 ck # fr# o000|0#spa#d | ||
| 041 | 0 | |a spa | |
| 043 | |a s-ck--- | ||
| 082 | 0 | 4 | |a 372.09861 |b C545m |
| 110 | 2 | |a Colombia. |b Ministerio de Educación Nacional | |
| 245 | 1 | 0 | |a Manual de procedimientos para la implementación y ejecución del plan de universalización de la educación básica primaria |c Ministerio de Educación Nacional |
| 260 | |a Bogotá: |b MEN, |c 1990 | ||
| 300 | |a 156 p. en distintas paginaciones: |b il., tabl. | ||
| 440 | 0 | |a Plan de Universalización de la Educación Básica Primaria | |
| 520 | 3 | |a Este manual tiene por objeto definir los procedimientos que se debían seguir en el desarrollo de los procesos operativos que contempló el Plan de Universalización de Educación Básica Primaria del Colombia. | |
| 650 | 1 | 4 | |a EDUCACIÓN PRIMARIA |z COLOMBIA |
| 650 | 1 | 4 | |a EDUCACIÓN BÁSICA |
| 999 | |c 3564 |d 3564 | ||
| 856 | |u https://catalogo.idep.edu.co/cgi-bin/koha/opac-detail.pl?biblionumber=3564 |z Enlace del recurso | ||